[Event "Tournoi francophone 014 Groupe D"]
[Site "Skype"]
[Date "????.??.??"]
[Round "1.1"]
[White "Moumtaz, Abderrahim"]
[Black "Le Bouill, Pierre"]
[Result "1-0"]
[WhiteElo "1226"]
[BlackElo "1252"]
[PlyCount "49"]

1. d4 Nf6 2. c4 e6 3. Nf3 h6 4. Nc3 b6 5. e4 d6 6. Bf4 Nbd7 7. Bd3 Bb7 8. Qc2
Be7 9. O-O Nh5 10. Be3 c6 11. e5 dxe5 12. dxe5 g6 13. Bxg6 Ng7 14. Bd3 Qc7 15.
Bf4 O-O-O 16. Rfd1 Nf5 17. Bxf5 exf5 18. Qxf5 Kb8 19. e6 Bd6 20. Bxd6 fxe6 21.
Bxc7+ Kxc7 22. Qxe6 c5 23. Qd6+ Kc8 24. Nd5 Nf8 25. Qc7# 1-0

[Event "Tournoi francophone 014 Groupe D"]
[Site "Skype"]
[Date "????.??.??"]
[Round "1.2"]
[White "Rivalta, Paolo"]
[Black "Martin, Jean-Claude"]
[Result "1-0"]
[WhiteElo "1101"]
[BlackElo "1315"]
[PlyCount "87"]

1. e4 e5 2. Nf3 Nc6 3. Bc4 Bc5 4. c3 Nf6 5. Qc2 h6 6. O-O O-O 7. Re1 Ng4 8. d4
exd4 9. cxd4 Nxd4 10. Nxd4 Bxd4 11. Be3 Be5 12. f4 Nxe3 13. Qf2 Ng4 14. Qd2
Nxh2 15. fxe5 Ng4 16. Bxf7+ Kh8 17. e6 dxe6 18. Qf4 Qf6 19. Rf1 Rxf7 20. Qxf6
Rxf6 21. Nc3 e5 22. Nb5 c6 23. Nc7 Rb8 24. Rfd1 Be6 25. Nxe6 Rxe6 26. Rd2 Ree8
27. Rf1 Rf8 28. Rfd1 Ne3 29. Re1 Ng4 30. a4 Rbd8 31. Rc2 Kg8 32. b4 Rd4 33. b5
Rxa4 34. bxc6 bxc6 35. Rxc6 Nf2 36. Re6 a6 37. Re7 Nd3 38. Rd1 Rxe4 39. Rxd3
Re1+ 40. Kh2 e4 41. Rdd7 e3 42. Rxg7+ Kh8 43. Rh7+ Kg8 44. Rdg7# 1-0

[Event "Tournoi francophone 014 Groupe D"]
[Site "Skype"]
[Date "????.??.??"]
[Round "1.3"]
[White "Malbec, Robert"]
[Black "Tamditi, Ibrahim"]
[Result "1-0"]
[WhiteElo "1214"]
[BlackElo "1315"]
[PlyCount "55"]

1. e4 e5 2. Nf3 Nc6 3. Bc4 Nf6 4. Ng5 d5 5. exd5 Nxd5 6. Nxf7 Kxf7 7. Qf3+ Ke6
8. Nc3 Nce7 9. Qe4 c6 10. d4 Qd6 11. f4 g6 12. Qxe5+ Qxe5+ 13. fxe5 a5 14. Bg5
Nf5 15. O-O-O Bb4 16. Na4 Kd7 17. Bxd5 cxd5 18. Nb6+ Kc6 19. Nxa8 Bd7 20. c3
Be7 21. Bxe7 Nxe7 22. Rhf1 Nf5 23. g4 Ne3 24. Rf6+ Kb5 25. Rb6+ Kc4 26. Rg1
Rxa8 27. Kd2 Nxg4 28. b3# 1-0

[Event "Tournoi francophone 014 Groupe D"]
[Site "Skype"]
[Date "????.??.??"]
[Round "1.4"]
[White "Amato, Ludovica"]
[Black "De Coninck, Philippe"]
[Result "1/2-1/2"]
[WhiteElo "1346"]
[BlackElo "1173"]
[PlyCount "60"]

1. e4 b6 2. Nc3 Bb7 3. f3 d6 4. Bc4 e6 5. Nge2 Nd7 6. d4 Ngf6 7. Be3 Qe7 8. Qd3
d5 9. exd5 exd5 10. Ba6 O-O-O 11. O-O g6 12. Rfb1 Nb8 13. Bxb7+ Kxb7 14. b4 Nc6
15. a3 h5 16. Nd1 Bh6 17. c3 g5 18. a4 a5 19. bxa5 Nxa5 20. Qb5 Ra8 21. Nc1 Qd7
22. Qb4 g4 23. f4 Nc4 24. a5 Nxe3 25. Nxe3 Bxf4 26. Nf1 Bxc1 27. Rxc1 b5 28.
Rcb1 c6 29. Nd2 Ne4 30. Nb3 Ra6 1/2-1/2

[Event "Tournoi francophone 014 Groupe D"]
[Site "Skype"]
[Date "????.??.??"]
[Round "1.5"]
[White "Vincent, Andre"]
[Black "Milanese, Serge"]
[Result "1/2-1/2"]
[WhiteElo "1377"]
[BlackElo "1202"]
[PlyCount "72"]

1. d4 Nf6 2. Nf3 d5 3. Bf4 e6 4. e3 c5 5. c3 Nc6 6. Nbd2 Bd6 7. Ne5 Qc7 8. Bb5
O-O 9. O-O Nxe5 10. dxe5 Bxe5 11. Bg3 Bd6 12. Nf3 h6 13. Be2 Bxg3 14. fxg3 Ng4
15. Qd2 Bd7 16. a4 a5 17. Ne1 Nf6 18. Bf3 e5 19. Qf2 e4 20. Be2 b6 21. Nc2 Qe5
22. Qf4 Qe7 23. g4 Nh7 24. Qg3 f5 25. h4 Rf7 26. g5 hxg5 27. hxg5 Nxg5 28. Bh5
Rff8 29. Rf4 g6 30. Bxg6 Rf6 31. Qxg5 Qg7 32. Bh7+ Kxh7 33. Rh4+ Rh6 34. Rxh6+
Qxh6 35. Qe7+ Qg7 36. Qxg7+ Kxg7 1/2-1/2

[Event "Tournoi francophone 014 Groupe D"]
[Site "Skype"]
[Date "????.??.??"]
[Round "2.1"]
[White "Le Bouill, Pierre"]
[Black "Milanese, Serge"]
[Result "0-1"]
[WhiteElo "1252"]
[BlackElo "1202"]
[PlyCount "42"]

1. e4 c6 2. c3 d5 3. exd5 cxd5 4. Nf3 Nd7 5. Bb5 a6 6. Bxd7+ Qxd7 7. Ne5 Qd6 8.
d4 e6 9. Nf3 h6 10. Be3 Nf6 11. Nbd2 Qc7 12. Ne5 Bd6 13. Bf4 Bd7 14. Qf3 Bc6
15. Nxc6 Bxf4 16. Qh3 Bxd2+ 17. Kxd2 bxc6 18. Rhe1 Qf4+ 19. Kc2 Qxf2+ 20. Kb3
Rb8+ 21. Ka3 Qxb2+ 0-1

[Event "Tournoi francophone 014 Groupe D"]
[Site "Skype"]
[Date "????.??.??"]
[Round "2.2"]
[White "De Coninck, Philippe"]
[Black "Vincent, Andre"]
[Result "1-0"]
[WhiteElo "1173"]
[BlackElo "1377"]
[PlyCount "75"]

1. b3 d5 2. Bb2 Nc6 3. e3 e6 4. Nf3 Bd6 5. c4 Nf6 6. Qc2 O-O 7. Bd3 g6 8. h4
Nb4 9. Qc3 Nxd3+ 10. Qxd3 Qe7 11. Bxf6 Qxf6 12. Nc3 c6 13. Ke2 e5 14. cxd5 Bf5
15. Ne4 Bxe4 16. Qxe4 c5 17. g4 h6 18. g5 Qg7 19. gxh6 Qxh6 20. Rhg1 f5 21. Qa4
e4 22. Ng5 Qh5+ 23. f3 exf3+ 24. Nxf3 Rf7 25. Rg5 Qh7 26. h5 Rg7 27. Rxg6 Rxg6
28. hxg6 Qg7 29. Rh1 a6 30. Qh4 b5 31. Qh7+ Qxh7 32. Rxh7 Bf8 33. Ng5 Bg7 34.
Ne6 Ra7 35. d6 c4 36. Rxg7+ Rxg7 37. Nxg7 Kxg7 38. d7 1-0

[Event "Tournoi francophone 014 Groupe D"]
[Site "Skype"]
[Date "????.??.??"]
[Round "2.3"]
[White "Tamditi, Ibrahim"]
[Black "Amato, Ludovica"]
[Result "0-1"]
[WhiteElo "1315"]
[BlackElo "1346"]
[PlyCount "60"]

1. e4 e5 2. Bc4 Nf6 3. d3 Nc6 4. Nf3 a6 5. Ng5 d5 6. exd5 Nxd5 7. Qf3 Be6 8.
Nxe6 fxe6 9. Bxd5 exd5 10. O-O Qd7 11. Nc3 Rd8 12. Re1 Qf7 13. Qxf7+ Kxf7 14.
Bg5 Be7 15. Bxe7 Kxe7 16. f4 Kf6 17. fxe5+ Nxe5 18. Rf1+ Kg6 19. Rae1 Rhe8 20.
b3 c6 21. Re3 d4 22. Rg3+ Kh6 23. Ne4 Rf8 24. Re1 Rd5 25. Nc3 dxc3 26. Re4 Ng6
27. a3 Rdf5 28. Rh3+ Kg5 29. g4 Rf1+ 30. Kg2 Nf4+ 0-1

[Event "Tournoi francophone 014 Groupe D"]
[Site "Skype"]
[Date "????.??.??"]
[Round "2.4"]
[White "Martin, Jean-Claude"]
[Black "Malbec, Robert"]
[Result "0-1"]
[WhiteElo "1315"]
[BlackElo "1214"]
[PlyCount "74"]

1. d4 d5 2. c4 Nf6 3. Nc3 e6 4. Bg5 Nbd7 5. cxd5 Bb4 6. dxe6 Bxc3+ 7. bxc3 fxe6
8. Qb3 Qe7 9. e4 Qf7 10. Bc4 Nxe4 11. f3 Nxg5 12. Ne2 Nb6 13. h4 Nxf3+ 14. gxf3
Nxc4 15. Qxc4 Qxf3 16. Kd2 c6 17. Raf1 Qd5 18. Kd3 Qxc4+ 19. Kxc4 Bd7 20. Rf2
O-O-O 21. Rhf1 g6 22. Rf6 Rde8 23. a4 Kd8 24. R1f4 Kc7 25. Nc1 b6 26. Rf7 Kd6
27. R4f6 Re7 28. Rf8 Rxf8 29. Rxf8 Re8 30. Rf6 Ke7 31. Rf4 Rf8 32. Nd3 Rxf4 33.
Nxf4 Kf6 34. Kd3 e5 35. dxe5+ Kxe5 36. Ke3 c5 37. Nd3+ Kf5 0-1

[Event "Tournoi francophone 014 Groupe D"]
[Site "Skype"]
[Date "????.??.??"]
[Round "2.5"]
[White "Moumtaz, Abderrahim"]
[Black "Rivalta, Paolo"]
[Result "1/2-1/2"]
[WhiteElo "1226"]
[BlackElo "1101"]
[PlyCount "74"]

1. d4 Nf6 2. c4 e6 3. Nf3 d5 4. Nc3 Bb4 5. Bg5 h6 6. Bh4 O-O 7. e3 Bxc3+ 8.
bxc3 c6 9. Bd3 Nbd7 10. O-O Qc7 11. h3 Re8 12. Qc2 Qd6 13. c5 Qc7 14. c4 dxc4
15. Bxc4 b5 16. cxb6 axb6 17. Bg3 Qb7 18. Ne5 c5 19. Bb5 Ra5 20. a4 cxd4 21.
exd4 Rd8 22. Nc6 Rf8 23. Nxa5 bxa5 24. Rab1 Qa7 25. Be5 Nd5 26. Bd6 Rd8 27.
Rfd1 Nb4 28. Qc7 Qb6 29. Qxb6 Nxb6 30. Bc7 Nxa4 31. Bxd8 Nc3 32. Rdc1 Nba2 33.
Rxc3 Nxc3 34. Rc1 Nxb5 35. Rxc8 a4 36. Ra8 a3 37. Rxa3 Nxa3 1/2-1/2

[Event "Tournoi francophone 014 Groupe D"]
[Site "Skype"]
[Date "????.??.??"]
[Round "3.1"]
[White "Rivalta, Paolo"]
[Black "Le Bouill, Pierre"]
[Result "1/2-1/2"]
[WhiteElo "1101"]
[BlackElo "1252"]
[PlyCount "68"]

1. e4 e5 2. Nf3 Nf6 3. Nc3 Nc6 4. Bc4 h6 5. O-O Be7 6. d4 exd4 7. Nxd4 d6 8.
Re1 O-O 9. Bf4 Ne5 10. Nd5 Nxc4 11. Rb1 Ne5 12. c3 c6 13. Ne3 d5 14. exd5 Nxd5
15. Bxe5 Nxe3 16. Rxe3 Bf6 17. Bxf6 Qxf6 18. Rf3 Qd8 19. h3 c5 20. Ne2 Qe7 21.
Nf4 Be6 22. a3 Rad8 23. Qe2 Rfe8 24. Re3 Qf6 25. g3 Qf5 26. Re1 Rd6 27. Rf3 Qf6
28. Nh5 Qe7 29. Qe5 f6 30. Rxf6 gxf6 31. Nxf6+ Kf7 32. Nxe8 Kxe8 33. Qh8+ Qf8
34. Qe5 Qe7 1/2-1/2

[Event "Tournoi francophone 014 Groupe D"]
[Site "Skype"]
[Date "????.??.??"]
[Round "3.2"]
[White "Malbec, Robert"]
[Black "Moumtaz, Abderrahim"]
[Result "0-1"]
[WhiteElo "1214"]
[BlackElo "1226"]
[PlyCount "94"]

1. e4 e5 2. Nf3 Nc6 3. Bc4 Bc5 4. c3 Nf6 5. d4 exd4 6. cxd4 Bb4+ 7. Bd2 Bxd2+
8. Nbxd2 d6 9. Bb5 O-O 10. d5 Ne7 11. O-O Bd7 12. Bd3 c6 13. dxc6 Bxc6 14. Qc2
Ng6 15. Rfe1 Rc8 16. Qb1 Re8 17. b4 a6 18. Qb2 Ne5 19. Bc2 Qc7 20. Nxe5 dxe5
21. Nf3 Bb5 22. Nxe5 Qxe5 23. Qxe5 Rxe5 24. Bb3 Rxe4 25. Red1 Rxb4 26. Rd6 Re4
27. f3 Ree8 28. h3 Rcd8 29. Rad1 Rxd6 30. Rxd6 Nh5 31. Kh2 Nf4 32. Rd4 Ne2 33.
Rd6 Nf4 34. Rd2 Re2 35. Rd8+ Re8 36. Rxe8+ Bxe8 37. Kg3 Ne2+ 38. Kf2 Nd4 39.
Bd5 Bc6 40. Bc4 b5 41. Bf1 a5 42. Ke3 Nc2+ 43. Kd2 Nb4 44. a3 Na2 45. Kc2 b4
46. Kb3 Bd5+ 47. Ka4 b3 0-1

[Event "Tournoi francophone 014 Groupe D"]
[Site "Skype"]
[Date "????.??.??"]
[Round "3.3"]
[White "Amato, Ludovica"]
[Black "Martin, Jean-Claude"]
[Result "1-0"]
[WhiteElo "1346"]
[BlackElo "1315"]
[PlyCount "77"]

1. e4 e5 2. Nf3 Nc6 3. Bc4 Bc5 4. c3 Nf6 5. d3 h6 6. O-O O-O 7. Nbd2 d5 8. exd5
Nxd5 9. Qb3 Nf6 10. h3 b6 11. Bb5 Bd7 12. Bxc6 Bxc6 13. Nxe5 Qd5 14. Qxd5 Bxd5
15. Ndf3 Bxf3 16. Nxf3 Rfe8 17. Bd2 Re2 18. Rae1 Rae8 19. d4 Rxe1 20. Rxe1
Rxe1+ 21. Bxe1 Bd6 22. Bd2 c5 23. Be3 c4 24. Nd2 b5 25. Kf1 Kf8 26. Ke2 Ke7 27.
Kf3 Ke6 28. Bf4 Bxf4 29. Kxf4 g5+ 30. Kf3 Kf5 31. g4+ Ke6 32. Ne4 Nxe4 33. Kxe4
a5 34. d5+ Kf6 35. Kd4 Ke7 36. Kc5 b4 37. cxb4 axb4 38. Kxb4 Kd6 39. Kxc4 1-0

[Event "Tournoi francophone 014 Groupe D"]
[Site "Skype"]
[Date "????.??.??"]
[Round "3.4"]
[White "Vincent, Andre"]
[Black "Tamditi, Ibrahim"]
[Result "0-1"]
[WhiteElo "1377"]
[BlackElo "1315"]
[PlyCount "56"]

1. d4 Nf6 2. Nf3 h6 3. Bf4 e6 4. e3 c5 5. c3 Qb6 6. Qb3 Nc6 7. Nbd2 cxd4 8.
Nxd4 Nxd4 9. cxd4 Bb4 10. Qc2 d5 11. Bc7 Bxd2+ 12. Kxd2 Ne4+ 13. Ke2 Qb5+ 14.
Kf3 Qb4 15. Rd1 O-O 16. Bd3 Ng5+ 17. Ke2 Bd7 18. a3 Qe7 19. h4 Ne4 20. Bxe4
dxe4 21. Qc5 Qf6 22. Qe5 Qg6 23. Qg3 Qh5+ 24. f3 exf3+ 25. gxf3 Rfc8 26. Bf4
Qb5+ 27. Ke1 Rc2 28. Bxh6 Qe2# 0-1

[Event "Tournoi francophone 014 Groupe D"]
[Site "Skype"]
[Date "????.??.??"]
[Round "3.5"]
[White "Milanese, Serge"]
[Black "De Coninck, Philippe"]
[Result "1-0"]
[WhiteElo "1202"]
[BlackElo "1173"]
[PlyCount "71"]

1. d4 b6 2. Nf3 d6 3. c4 Nd7 4. Nc3 e6 5. e4 Ngf6 6. Be2 Bb7 7. e5 dxe5 8. dxe5
Ng4 9. O-O Ndxe5 10. Bf4 Qxd1 11. Raxd1 Nxf3+ 12. Bxf3 Bxf3 13. gxf3 e5 14. Bg3
Nf6 15. Bxe5 Be7 16. Rfe1 O-O 17. Bxc7 Rac8 18. Rxe7 Rfe8 19. Rxe8+ Nxe8 20.
Bg3 Rxc4 21. Rd8 f6 22. Rxe8+ Kf7 23. Re4 Rxe4 24. fxe4 Ke6 25. Kg2 g5 26. Kf3
f5 27. h4 f4 28. Kg4 fxg3 29. fxg3 h6 30. hxg5 hxg5 31. Kxg5 Ke5 32. g4 a6 33.
a4 Ke6 34. Kg6 Ke5 35. g5 Kf4 36. Kf6 1-0

[Event "Tournoi francophone 014 Groupe D"]
[Site "Skype"]
[Date "????.??.??"]
[Round "4.1"]
[White "Le Bouill, Pierre"]
[Black "De Coninck, Philippe"]
[Result "1/2-1/2"]
[WhiteElo "1252"]
[BlackElo "1173"]
[PlyCount "121"]

1. Nf3 Nc6 2. d4 d5 3. Bf4 e6 4. c3 Bd6 5. e3 Nf6 6. h3 O-O 7. Bd3 Bxf4 8. exf4
Re8 9. O-O Qd6 10. Ne5 Nxe5 11. fxe5 Qe7 12. exf6 Qxf6 13. Re1 Bd7 14. Nd2 e5
15. Rxe5 Rxe5 16. dxe5 Qxe5 17. Nf3 Qf6 18. Qd2 h6 19. Re1 Rd8 20. a3 Bc6 21.
Nd4 Bd7 22. Nf3 c5 23. b3 Bc6 24. Ne5 d4 25. c4 Re8 26. Nxc6 Qxc6 27. Rxe8+
Qxe8 28. Qe2 Qxe2 29. Bxe2 Kf8 30. Kf1 Ke7 31. Bf3 b6 32. Ke2 Ke6 33. Bd5+ Kf6
34. Kf3 Kg6 35. g4 f5 36. gxf5+ Kxf5 37. Be4+ Ke5 38. Bd3 h5 39. h4 a6 40. a4
Kf6 41. Kf4 g6 42. Kf3 g5 43. hxg5+ Kxg5 44. Bf1 h4 45. Kg2 Kg4 46. f3+ Kf4 47.
Kf2 a5 48. Ke2 Kg3 49. f4 Kxf4 50. Kf2 Kg4 51. Bg2 d3 52. Ke3 Kg3 53. Bf1 h3
54. Bxh3 Kxh3 55. Kxd3 Kg2 56. Kd2 Kf2 57. Kd3 Ke1 58. Kc2 Ke2 59. Kc3 Kd1 60.
Kb2 Kd2 61. Kb1 1/2-1/2

[Event "Tournoi francophone 014 Groupe D"]
[Site "Skype"]
[Date "????.??.??"]
[Round "4.2"]
[White "Tamditi, Ibrahim"]
[Black "Milanese, Serge"]
[Result "1-0"]
[WhiteElo "1315"]
[BlackElo "1202"]
[PlyCount "93"]

1. Nf3 d5 2. e3 Bg4 3. Be2 c6 4. Ne5 Bxe2 5. Qxe2 e6 6. Qf3 Nf6 7. O-O Be7 8.
d4 Nbd7 9. Bd2 O-O 10. Bc3 Nxe5 11. dxe5 Ne4 12. Bd4 c5 13. Bc3 Nxc3 14. Nxc3
a6 15. Rad1 Qb6 16. Na4 Qb4 17. Qf4 Qxf4 18. exf4 f5 19. Rd3 b5 20. Nb6 Ra7 21.
a4 c4 22. Rd2 Bb4 23. c3 Ba5 24. Nxd5 exd5 25. Rxd5 Rb7 26. axb5 axb5 27. Ra1
Bb6 28. Kf1 Ra7 29. Rxa7 Bxa7 30. Rxb5 Ra8 31. Ra5 Rb8 32. Rxa7 Rxb2 33. Ra8+
Kf7 34. Ra7+ Ke6 35. Ra6+ Ke7 36. Rc6 Rd2 37. Ke1 Rd7 38. Rxc4 h5 39. h4 Ra7
40. Rd4 Ra1+ 41. Ke2 Ra2+ 42. Rd2 Rxd2+ 43. Kxd2 Kd7 44. c4 Kc6 45. Kd3 Kc5 46.
Kc3 g6 47. g3 1-0

[Event "Tournoi francophone 014 Groupe D"]
[Site "Skype"]
[Date "????.??.??"]
[Round "4.3"]
[White "Martin, Jean-Claude"]
[Black "Vincent, Andre"]
[Result "0-1"]
[WhiteElo "1315"]
[BlackElo "1377"]
[PlyCount "66"]

1. d4 Nf6 2. c4 d5 3. Nc3 c6 4. Bg5 Bf5 5. e3 Nbd7 6. Bd3 Bxd3 7. Qxd3 e6 8.
Nf3 Be7 9. O-O O-O 10. h3 Re8 11. cxd5 exd5 12. Rfe1 Qc7 13. a3 Rad8 14. Rac1
a6 15. Bf4 Bd6 16. Bxd6 Qxd6 17. b4 Ne4 18. Qc2 Nb6 19. Nd2 Nxd2 20. Qxd2 Nc4
21. Qa2 b5 22. Rcd1 a5 23. e4 axb4 24. axb4 Qxb4 25. Qc2 Na3 26. Qd3 Qc4 27.
exd5 Qxd3 28. Rxd3 Rxe1+ 29. Kh2 b4 30. Nd1 cxd5 31. Ne3 g6 32. Rb3 Nc4 33. Nc2
Re2 0-1

[Event "Tournoi francophone 014 Groupe D"]
[Site "Skype"]
[Date "????.??.??"]
[Round "4.4"]
[White "Moumtaz, Abderrahim"]
[Black "Amato, Ludovica"]
[Result "0-1"]
[WhiteElo "1226"]
[BlackElo "1346"]
[PlyCount "62"]

1. d4 d5 2. c4 c6 3. Nc3 dxc4 4. e4 b5 5. Nf3 Nf6 6. Be2 Nbd7 7. O-O e6 8. Bg5
Be7 9. a4 b4 10. Na2 Nxe4 11. Bxe7 Qxe7 12. Bxc4 O-O 13. Qe2 Nef6 14. Qd2 a5
15. Nc1 Bb7 16. Nd3 c5 17. Nde5 cxd4 18. Qxd4 Nxe5 19. Nxe5 Rfd8 20. Qe3 Rac8
21. b3 Ne4 22. Bd3 Rc3 23. Rab1 Nc5 24. Bxh7+ Kxh7 25. Qxc3 bxc3 26. Nf3 Qf6
27. Rfe1 Bxf3 28. gxf3 Qxf3 29. Re3 Qxe3 30. fxe3 c2 31. Rc1 Rd1+ 0-1

[Event "Tournoi francophone 014 Groupe D"]
[Site "Skype"]
[Date "????.??.??"]
[Round "4.5"]
[White "Rivalta, Paolo"]
[Black "Malbec, Robert"]
[Result "0-1"]
[WhiteElo "1101"]
[BlackElo "1214"]
[PlyCount "76"]

1. d4 d5 2. Bf4 Nf6 3. Nf3 Nc6 4. e3 e6 5. c4 Bb4+ 6. Nbd2 Ne4 7. a3 Bxd2+ 8.
Nxd2 Nf6 9. c5 O-O 10. Bd3 Ne7 11. Qf3 Ng6 12. Bxg6 fxg6 13. O-O-O Nh5 14. g3
b6 15. h4 bxc5 16. dxc5 Rb8 17. g4 Qf6 18. Nc4 Nxf4 19. exf4 dxc4 20. Qe2 Qxf4+
21. Rd2 e5 22. Rf1 Bxg4 23. Qe1 Bh5 24. Kc2 Rb3 25. Rd7 Qf5+ 26. Kc1 Qxd7 27.
Qxe5 Qg4 28. Qd5+ Kh8 29. f3 Qf4+ 30. Kb1 Qf5+ 31. Qxf5 Rxf5 32. Re1 Rb8 33.
Kc2 h6 34. Kc3 Rb3+ 35. Kxc4 Rbxf3 36. c6 R3f4+ 37. Kb3 Rb5+ 38. Kc2 Rc5+ 0-1

[Event "Tournoi francophone 014 Groupe D"]
[Site "Skype"]
[Date "????.??.??"]
[Round "5.1"]
[White "Malbec, Robert"]
[Black "Le Bouill, Pierre"]
[Result "1-0"]
[WhiteElo "1214"]
[BlackElo "1252"]
[PlyCount "72"]

1. e4 d5 2. exd5 Qxd5 3. Nc3 Qa5 4. d4 Nf6 5. Nf3 c6 6. Bd3 e6 7. O-O Be7 8.
Bd2 Qc7 9. Re1 O-O 10. Qc1 h6 11. Bf4 Bd6 12. Ne5 Nh5 13. Ne4 Nxf4 14. Nxd6
Qxd6 15. Qxf4 Qe7 16. Qe4 g6 17. Qf4 Qg5 18. Qxg5 hxg5 19. Re3 Nd7 20. Rg3 Kg7
21. Rxg5 Nxe5 22. dxe5 Bd7 23. h4 f6 24. exf6+ Rxf6 25. Re1 Raf8 26. Re2 Rh8
27. g3 Rh5 28. Ree5 Rh8 29. Re4 Rhf8 30. Re2 c5 31. h5 Kh6 32. Rxg6+ Rxg6 33.
hxg6 Kg7 34. Re5 b6 35. Rh5 Bc6 36. Rh7+ Kf6 1-0

[Event "Tournoi francophone 014 Groupe D"]
[Site "Skype"]
[Date "????.??.??"]
[Round "5.2"]
[White "Amato, Ludovica"]
[Black "Rivalta, Paolo"]
[Result "1-0"]
[WhiteElo "1346"]
[BlackElo "1101"]
[PlyCount "67"]

1. e4 e5 2. Nf3 Nc6 3. Bc4 h6 4. c3 Nge7 5. O-O d6 6. h3 d5 7. exd5 Nxd5 8. Re1
f6 9. d4 Nb6 10. Bb3 Be7 11. dxe5 f5 12. Bf4 Bd7 13. Nbd2 g5 14. Bg3 f4 15. Bh2
g4 16. hxg4 Bxg4 17. Bxf4 Qd7 18. Ne4 Qf5 19. Nf6+ Kf8 20. Nd4 Qxf4 21. Nxg4
Nxd4 22. cxd4 Rd8 23. d5 c6 24. Re3 Ke8 25. Nf6+ Bxf6 26. exf6+ Kf7 27. Re7+
Kxf6 28. Re6+ Kg5 29. d6 Qf5 30. Qd2+ Kh5 31. Rae1 Nd5 32. R1e5 Kg4 33. Rxf5
Kxf5 34. Bxd5 1-0

[Event "Tournoi francophone 014 Groupe D"]
[Site "Skype"]
[Date "????.??.??"]
[Round "5.3"]
[White "Vincent, Andre"]
[Black "Moumtaz, Abderrahim"]
[Result "1-0"]
[WhiteElo "1377"]
[BlackElo "1226"]
[PlyCount "67"]

1. d4 Nf6 2. Nf3 c6 3. Bf4 d5 4. e3 Bf5 5. Bd3 Bxd3 6. Qxd3 e6 7. O-O Nbd7 8.
Nbd2 Be7 9. Rfe1 O-O 10. Ne5 Bd6 11. Nxf7 Rxf7 12. Bxd6 Nf8 13. Ba3 Ng4 14. Nf3
Ng6 15. h3 Nh6 16. Bb4 a5 17. Bd2 Nf5 18. e4 Nfh4 19. Ng5 Re7 20. f4 h6 21. Nf3
Nxf3+ 22. Qxf3 Nh4 23. Qg3 Rf7 24. Re2 dxe4 25. Rxe4 Nf5 26. Qf2 Qd5 27. Re5
Qxd4 28. Bc3 Qxf2+ 29. Kxf2 Rf6 30. Rd1 g5 31. g3 c5 32. Rd7 b5 33. Rxc5 b4 34.
Bxf6 1-0

[Event "Tournoi francophone 014 Groupe D"]
[Site "Skype"]
[Date "????.??.??"]
[Round "5.4"]
[White "Milanese, Serge"]
[Black "Martin, Jean-Claude"]
[Result "1-0"]
[WhiteElo "1202"]
[BlackElo "1315"]
[PlyCount "49"]

1. d4 e5 2. dxe5 Nc6 3. Bf4 Qe7 4. Nf3 Qb4+ 5. Nc3 Qxb2 6. Bd2 Nb4 7. Rc1 Nxa2
8. Nxa2 Qxa2 9. e3 Qd5 10. Bd3 d6 11. O-O dxe5 12. e4 Qd6 13. Rb1 b6 14. Rb5 f6
15. Rd5 Qe7 16. Bb5+ c6 17. Bxc6+ Bd7 18. Rxd7 Qxd7 19. Bxd7+ Kxd7 20. c3 Kc7
21. Qb3 Bc5 22. Qf7+ Ne7 23. Be3 Bd6 24. Rd1 Raf8 25. Qe6 1-0

[Event "Tournoi francophone 014 Groupe D"]
[Site "Skype"]
[Date "????.??.??"]
[Round "5.5"]
[White "De Coninck, Philippe"]
[Black "Tamditi, Ibrahim"]
[Result "1-0"]
[WhiteElo "1173"]
[BlackElo "1315"]
[PlyCount "55"]

1. d4 g6 2. Bf4 Bg7 3. Nf3 c5 4. c3 cxd4 5. cxd4 Qb6 6. Qd2 Nc6 7. e3 Nf6 8.
Nc3 O-O 9. Be2 Re8 10. e4 Nh5 11. Nd5 Qd8 12. Bh6 e6 13. Bxg7 Nxg7 14. Nc3 b6
15. Qh6 Qe7 16. e5 Qb4 17. Qd2 Nf5 18. Ne4 Qxd2+ 19. Nfxd2 Ncxd4 20. Nf6+ Kf8
21. Nxe8 Nc2+ 22. Kd1 Nxa1 23. Nf3 Kxe8 24. Kd2 Nb3+ 25. axb3 Bb7 26. Rc1 Kd8
27. g4 h6 28. gxf5 1-0

[Event "Tournoi francophone 014 Groupe D"]
[Site "Skype"]
[Date "????.??.??"]
[Round "6.1"]
[White "Le Bouill, Pierre"]
[Black "Tamditi, Ibrahim"]
[Result "0-1"]
[WhiteElo "1252"]
[BlackElo "1315"]
[PlyCount "82"]

1. e4 g6 2. Bc4 Bg7 3. c3 d6 4. h3 Nf6 5. d3 Bd7 6. Nf3 a5 7. a3 b5 8. Ba2 Na6
9. Be3 c5 10. Nbd2 Nc7 11. Ng5 e6 12. Ngf3 Qb8 13. Rb1 b4 14. a4 Qa7 15. Nh2
Qa6 16. Bc4 Qc6 17. Bb3 bxc3 18. bxc3 O-O 19. O-O Nfe8 20. c4 Be5 21. Ng4 f5
22. Nxe5 dxe5 23. exf5 exf5 24. f4 exf4 25. Bxf4 Ne6 26. Bh6 Rf6 27. Nf3 Nd6
28. Ne5 Qb7 29. Qf3 Qxf3 30. gxf3 g5 31. Nxd7 Rxh6 32. Rfe1 Nd4 33. Kg2 Rc8 34.
Re5 Rc7 35. Nxc5 Kf7 36. Na6 Rb7 37. c5+ Nxb3 38. Rxb3 Rxb3 39. cxd6 Rxd6 40.
Rxf5+ Kg6 41. Rxa5 Rdxd3 0-1

[Event "Tournoi francophone 014 Groupe D"]
[Site "Skype"]
[Date "????.??.??"]
[Round "6.2"]
[White "Martin, Jean-Claude"]
[Black "De Coninck, Philippe"]
[Result "0-1"]
[WhiteElo "1315"]
[BlackElo "1173"]
[PlyCount "102"]

1. d4 e5 2. dxe5 Nc6 3. Nf3 Qe7 4. e4 Nxe5 5. Nxe5 Qxe5 6. Nc3 Bb4 7. Bd2 Nf6
8. Qe2 O-O 9. a3 Bxc3 10. Bxc3 Qxe4 11. Qxe4 Nxe4 12. Bb4 Re8 13. Be2 c6 14.
O-O d5 15. Rfe1 Bf5 16. Rac1 c5 17. Bc3 d4 18. Bxd4 cxd4 19. Bd3 Re6 20. f3
Rae8 21. Bxe4 Bxe4 22. fxe4 Rxe4 23. Rxe4 Rxe4 24. Kf2 f5 25. Re1 Kf7 26. Rxe4
fxe4 27. c3 d3 28. Ke3 Kf6 29. g3 Ke5 30. c4 Kd6 31. b4 b6 32. a4 g5 33. g4 a5
34. bxa5 bxa5 35. Kd2 Kc5 36. Kc3 d2 37. Kxd2 Kxc4 38. Ke3 Kb4 39. Kxe4 Kxa4
40. Kf5 h6 41. Kg6 Kb3 42. Kxh6 a4 43. Kxg5 a3 44. h4 a2 45. h5 a1=Q 46. h6
Qe5+ 47. Kg6 Kc4 48. h7 Qh8 49. g5 Kd5 50. Kh6 Ke6 51. g6 Kf6 0-1

[Event "Tournoi francophone 014 Groupe D"]
[Site "Skype"]
[Date "????.??.??"]
[Round "6.3"]
[White "Moumtaz, Abderrahim"]
[Black "Milanese, Serge"]
[Result "1/2-1/2"]
[WhiteElo "1226"]
[BlackElo "1202"]
[PlyCount "86"]

1. d4 d5 2. c4 c6 3. Nc3 Nf6 4. Nf3 e6 5. Bf4 Bd6 6. Bxd6 Qxd6 7. e3 Nbd7 8. c5
Qc7 9. Bd3 O-O 10. O-O b6 11. b4 a5 12. a3 axb4 13. axb4 Rxa1 14. Qxa1 Bb7 15.
Qb1 b5 16. Ng5 g6 17. f4 Ng4 18. Rf3 Ndf6 19. e4 Re8 20. e5 Nd7 21. Ne2 Nf8 22.
Rg3 Nh6 23. Rh3 Nf5 24. Bxf5 exf5 25. Ng3 Bc8 26. Ne2 Qa7 27. Qb2 Bd7 28. Ra3
Qc7 29. Qa2 h6 30. Nf3 Qd8 31. Ng3 f6 32. Re3 Ne6 33. Ne2 g5 34. fxg5 fxg5 35.
g3 f4 36. Rd3 g4 37. Nh4 Kf8 38. Ng6+ Kf7 39. Ngxf4 Nxf4 40. Nxf4 Qg5 41. Qf2
Kg7 42. Ng2 Rf8 43. Qe3 Qf5 1/2-1/2

[Event "Tournoi francophone 014 Groupe D"]
[Site "Skype"]
[Date "????.??.??"]
[Round "6.4"]
[White "Rivalta, Paolo"]
[Black "Vincent, Andre"]
[Result "1-0"]
[WhiteElo "1101"]
[BlackElo "1377"]
[PlyCount "77"]

1. e4 c6 2. Bc4 d5 3. exd5 cxd5 4. Bb3 Nf6 5. Nf3 Bg4 6. d4 e6 7. Bg5 Be7 8.
O-O h6 9. Bf4 Nbd7 10. Nbd2 Nb6 11. Re1 Bd6 12. Bxd6 Qxd6 13. Rc1 O-O 14. a4 a5
15. h3 Bf5 16. c4 dxc4 17. Nxc4 Nxc4 18. Rxc4 Rfc8 19. Qd2 b6 20. Rec1 Rxc4 21.
Bxc4 Rc8 22. Nh4 Bh7 23. b3 Ne4 24. Qe3 Nf6 25. Nf3 Be4 26. Ne5 Qc7 27. f3 Bd5
28. Re1 Qb7 29. Qd3 b5 30. axb5 a4 31. Bxd5 Qxd5 32. bxa4 Qa2 33. Nc6 Kf8 34.
d5 Qxd5 35. Qxd5 Nxd5 36. a5 Nf4 37. a6 Nd3 38. Rd1 Nf4 39. a7 1-0